[Event "European Individual Chess Championship 2017"]
[Site "?"]
[Date "2017.06.07"]
[Round "8.55"]
[White "Moiseenko, Alexander"]
[Black "Djukic, Nikola"]
[Result "1-0"]
[BlackElo "2526"]
[WhiteElo "2677"]
[LiveChessVersion "1.4.8"]

1. d4 {[%clk 1:30:56]} Nf6 {[%clk 1:30:54]} 2. Bg5 {[%clk 1:31:18]} e6
{[%clk 1:31:10]} 3. e4 {[%clk 1:31:40]} h6 {[%clk 1:31:35]} 4. Bxf6
{[%clk 1:32:02]} Qxf6 {[%clk 1:31:58]} 5. c3 {[%clk 1:32:19]} c5 {[%clk 1:25:36]}
6. Nf3 {[%clk 1:31:10]} Nc6 {[%clk 1:21:18]} 7. d5 {[%clk 1:17:50]} Ne5
{[%clk 1:21:28]} 8. Be2 {[%clk 1:14:42]} exd5 {[%clk 0:53:38]} 9. Qxd5
{[%clk 1:14:22]} Nxf3+ {[%clk 0:52:53]} 10. Bxf3 {[%clk 1:14:21]} Be7
{[%clk 0:50:16]} 11. Na3 {[%clk 1:05:38]} d6 {[%clk 0:42:06]} 12. O-O
{[%clk 1:01:07]} Rb8 {[%clk 0:39:42]} 13. Rfd1 {[%clk 0:56:57]} O-O
{[%clk 0:39:42]} 14. Nb5 {[%clk 0:48:02]} Be6 {[%clk 0:37:04]} 15. Qd3
{[%clk 0:48:23]} a6 {[%clk 0:31:40]} 16. Nc7 {[%clk 0:48:17]} Qe5
{[%clk 0:25:28]} 17. g3 {[%clk 0:46:55]} Rbc8 {[%clk 0:19:46]} 18. Nd5
{[%clk 0:46:42]} Bxd5 {[%clk 0:19:51]} 19. Qxd5 {[%clk 0:47:04]} Qxd5
{[%clk 0:20:05]} 20. Rxd5 {[%clk 0:47:25]} b5 {[%clk 0:20:15]} 21. a4
{[%clk 0:38:52]} Rc7 {[%clk 0:20:23]} 22. axb5 {[%clk 0:32:30]} axb5
{[%clk 0:20:48]} 23. Be2 {[%clk 0:32:35]} Rb8 {[%clk 0:21:12]} 24. h4
{[%clk 0:30:18]} b4 {[%clk 0:18:11]} 25. Bc4 {[%clk 0:30:02]} bxc3
{[%clk 0:18:05]} 26. bxc3 {[%clk 0:30:28]} g6 {[%clk 0:16:37]} 27. Ra6
{[%clk 0:24:17]} Kg7 {[%clk 0:16:40]} 28. Rd3 {[%clk 0:24:24]} Bf6
{[%clk 0:14:18]} 29. Raxd6 {[%clk 0:23:41]} Re7 {[%clk 0:12:23]} 30. Rf3
{[%clk 0:20:59]} Rb1+ {[%clk 0:11:18]} 31. Kg2 {[%clk 0:21:20]} Be5
{[%clk 0:11:36]} 32. Rc6 {[%clk 0:21:01]} Rbb7 {[%clk 0:07:59]} 33. Rxc5
{[%clk 0:14:05]} Rbc7 {[%clk 0:08:24]} 34. Rxc7 {[%clk 0:14:13]} Rxc7
{[%clk 0:08:50]} 35. Bd5 {[%clk 0:14:35]} f5 {[%clk 0:03:26]} 36. c4
{[%clk 0:13:57]} fxe4 {[%clk 0:03:50]} 37. Re3 {[%clk 0:13:54]} Bf6
{[%clk 0:03:44]} 38. Rxe4 {[%clk 0:13:34]} Re7 {[%clk 0:04:11]} 39. Rg4
{[%clk 0:11:43]} Re5 {[%clk 0:02:09]} 40. Be4 {[%clk 0:38:33]} g5
{[%clk 0:32:06]} 41. hxg5 {[%clk 0:31:36]} hxg5 {[%clk 0:32:30]} 42. Bf3
{[%clk 0:31:17]} Kf8 {[%clk 0:28:13]} 43. Rd4 {[%clk 0:26:06]} Rc5
{[%clk 0:28:33]} 44. Re4 {[%clk 0:26:20]} Re5 {[%clk 0:28:55]} 45. Rxe5
{[%clk 0:23:19]} Bxe5 {[%clk 0:29:20]} 46. c5 {[%clk 0:23:45]} 1-0

[Event "European Individual Chess Championship 2017"]
[Site "?"]
[Date "2017.06.07"]
[Round "8.56"]
[White "Berkes, Ferenc"]
[Black "Harutyunian, Tigran K."]
[Result "1-0"]
[BlackElo "2523"]
[WhiteElo "2654"]
[LiveChessVersion "1.4.8"]

1. d4 {[%clk 1:30:55]} d5 {[%clk 1:30:17]} 2. Bf4 {[%clk 1:31:17]} Nf6
{[%clk 1:30:21]} 3. e3 {[%clk 1:31:40]} Bf5 {[%clk 1:29:58]} 4. c4
{[%clk 1:31:54]} e6 {[%clk 1:30:08]} 5. Nc3 {[%clk 1:32:12]} Bb4 {[%clk 1:30:02]}
6. a3 {[%clk 1:16:33]} Bxc3+ {[%clk 1:24:29]} 7. bxc3 {[%clk 1:16:54]} O-O
{[%clk 1:22:23]} 8. Bg5 {[%clk 1:11:57]} c5 {[%clk 1:19:45]} 9. Bxf6
{[%clk 1:10:25]} Qxf6 {[%clk 1:19:39]} 10. cxd5 {[%clk 1:10:49]} exd5
{[%clk 1:19:17]} 11. Bd3 {[%clk 1:10:28]} Nc6 {[%clk 1:16:59]} 12. Ne2
{[%clk 1:10:50]} Rac8 {[%clk 0:54:43]} 13. O-O {[%clk 1:11:11]} Na5
{[%clk 0:54:26]} 14. Bxf5 {[%clk 1:02:35]} Qxf5 {[%clk 0:54:37]} 15. Qb1
{[%clk 1:03:00]} Qd7 {[%clk 0:47:16]} 16. a4 {[%clk 1:02:19]} Rc6
{[%clk 0:41:46]} 17. dxc5 {[%clk 0:57:24]} Rxc5 {[%clk 0:35:41]} 18. Rd1
{[%clk 0:57:45]} Re8 {[%clk 0:30:02]} 19. h3 {[%clk 0:56:49]} h6 {[%clk 0:28:52]}
20. Ra2 {[%clk 0:49:46]} Qc6 {[%clk 0:26:07]} 21. Rd4 {[%clk 0:49:13]} Re4
{[%clk 0:24:42]} 22. Kh2 {[%clk 0:40:21]} Nc4 {[%clk 0:19:06]} 23. Nf4
{[%clk 0:37:18]} Re8 {[%clk 0:12:18]} 24. Qd1 {[%clk 0:36:02]} Nd6
{[%clk 0:08:51]} 25. Rxd5 {[%clk 0:28:53]} Rxd5 {[%clk 0:09:16]} 26. Nxd5
{[%clk 0:28:51]} Re5 {[%clk 0:07:25]} 27. Nf4 {[%clk 0:27:34]} Ne4
{[%clk 0:06:59]} 28. Qd4 {[%clk 0:25:45]} Qxc3 {[%clk 0:04:47]} 29. Qxa7
{[%clk 0:26:01]} Qc7 {[%clk 0:05:09]} 30. Rb2 {[%clk 0:19:10]} Nc5
{[%clk 0:05:13]} 31. a5 {[%clk 0:17:21]} Qd6 {[%clk 0:02:46]} 32. Rb6
{[%clk 0:11:54]} Qe7 {[%clk 0:00:32]} 33. a6 {[%clk 0:11:14]} bxa6
{[%clk 0:00:35]} 34. Rb8+ {[%clk 0:10:08]} Kh7 {[%clk 0:01:03]} 35. Qa8
{[%clk 0:10:30]} g6 {[%clk 0:01:12]} 36. Rh8+ {[%clk 0:09:40]} Kg7
{[%clk 0:01:41]} 37. Qg8+ {[%clk 0:09:58]} Kf6 {[%clk 0:02:09]} 38. Rxh6
{[%clk 0:10:16]} Qe8 {[%clk 0:01:54]} 39. Nd5+ {[%clk 0:09:07]} Kg5
{[%clk 0:01:31]} 40. Rh5+ {[%clk 0:39:27]} 1-0

[Event "European Individual Chess Championship 2017"]
[Site "?"]
[Date "2017.06.07"]
[Round "8.57"]
[White "Sjugirov, Sanan"]
[Black "Kveinys, Aloyzas"]
[Result "1-0"]
[BlackElo "2520"]
[WhiteElo "2654"]
[LiveChessVersion "1.4.8"]

1. e4 {[%clk 1:30:56]} e5 {[%clk 1:30:33]} 2. Nf3 {[%clk 1:31:17]} Nc6
{[%clk 1:30:36]} 3. Bb5 {[%clk 1:31:34]} a6 {[%clk 1:30:37]} 4. Ba4
{[%clk 1:31:58]} Nf6 {[%clk 1:30:13]} 5. O-O {[%clk 1:32:17]} Be7
{[%clk 1:30:18]} 6. Re1 {[%clk 1:31:07]} b5 {[%clk 1:30:04]} 7. Bb3
{[%clk 1:31:32]} d6 {[%clk 1:30:20]} 8. c3 {[%clk 1:31:51]} O-O {[%clk 1:30:34]}
9. h3 {[%clk 1:32:17]} Nb8 {[%clk 1:30:17]} 10. d4 {[%clk 1:32:32]} Nbd7
{[%clk 1:30:39]} 11. Nbd2 {[%clk 1:32:21]} Bb7 {[%clk 1:30:56]} 12. Bc2
{[%clk 1:32:39]} Re8 {[%clk 1:30:52]} 13. Nf1 {[%clk 1:32:37]} Bf8
{[%clk 1:30:55]} 14. Ng3 {[%clk 1:33:01]} g6 {[%clk 1:31:05]} 15. Bg5
{[%clk 1:31:51]} h6 {[%clk 1:28:48]} 16. Bd2 {[%clk 1:32:13]} Bg7
{[%clk 1:28:40]} 17. a4 {[%clk 1:31:18]} exd4 {[%clk 1:25:40]} 18. cxd4
{[%clk 1:31:08]} c5 {[%clk 1:26:03]} 19. Qc1 {[%clk 1:20:52]} Kh7
{[%clk 1:22:03]} 20. d5 {[%clk 0:55:50]} Nb6 {[%clk 1:19:50]} 21. b3
{[%clk 0:48:01]} b4 {[%clk 1:03:47]} 22. a5 {[%clk 0:45:38]} Nc8 {[%clk 1:02:21]}
23. Bf4 {[%clk 0:36:51]} Nd7 {[%clk 1:02:09]} 24. Ra2 {[%clk 0:36:50]} Qc7
{[%clk 0:47:01]} 25. Nf1 {[%clk 0:28:25]} Na7 {[%clk 0:43:08]} 26. Ne3
{[%clk 0:27:54]} Nb5 {[%clk 0:36:00]} 27. Nc4 {[%clk 0:25:18]} Rad8
{[%clk 0:34:46]} 28. Bd3 {[%clk 0:24:33]} Nf6 {[%clk 0:32:09]} 29. Rae2
{[%clk 0:22:53]} Nh5 {[%clk 0:32:00]} 30. Bh2 {[%clk 0:23:00]} Bc3
{[%clk 0:32:07]} 31. Rf1 {[%clk 0:22:26]} Qe7 {[%clk 0:31:15]} 32. g4
{[%clk 0:11:06]} Nf6 {[%clk 0:30:24]} 33. Bg3 {[%clk 0:11:00]} Nd7
{[%clk 0:24:38]} 34. Kh2 {[%clk 0:10:08]} Kg7 {[%clk 0:23:55]} 35. Bf4
{[%clk 0:05:58]} Rh8 {[%clk 0:23:35]} 36. Rg1 {[%clk 0:04:39]} Qf6
{[%clk 0:20:39]} 37. Bxh6+ {[%clk 0:04:16]} Rxh6 {[%clk 0:19:42]} 38. Qxh6+
{[%clk 0:04:39]} Kxh6 {[%clk 0:18:14]} 39. g5+ {[%clk 0:05:04]} Kg7
{[%clk 0:18:11]} 40. gxf6+ {[%clk 0:35:29]} Nxf6 {[%clk 0:48:31]} 41. Nb6
{[%clk 0:25:28]} Rh8 {[%clk 0:44:27]} 42. Re3 {[%clk 0:24:57]} Nh5
{[%clk 0:43:48]} 43. Rg4 {[%clk 0:24:10]} Nf6 {[%clk 0:41:25]} 44. Rg1
{[%clk 0:23:16]} Nh5 {[%clk 0:41:37]} 45. Bc4 {[%clk 0:20:13]} Nf4
{[%clk 0:39:11]} 46. h4 {[%clk 0:20:39]} Nd4 {[%clk 0:39:05]} 47. Rg4
{[%clk 0:20:20]} Nh5 {[%clk 0:38:14]} 48. Kh3 {[%clk 0:11:44]} Nxf3
{[%clk 0:34:55]} 49. Rxf3 {[%clk 0:12:10]} Nf6 {[%clk 0:35:20]} 50. Rxf6
{[%clk 0:04:31]} Kxf6 {[%clk 0:33:54]} 51. f4 {[%clk 0:04:40]} Ke7
{[%clk 0:34:08]} 52. f5 {[%clk 0:04:11]} Rh6 {[%clk 0:33:11]} 53. Bd3
{[%clk 0:03:30]} Be5 {[%clk 0:32:07]} 54. Kg2 {[%clk 0:03:30]} Bf6
{[%clk 0:30:41]} 55. Kg3 {[%clk 0:03:52]} Kd8 {[%clk 0:29:14]} 56. fxg6
{[%clk 0:02:41]} Be5+ {[%clk 0:26:50]} 57. Kf3 {[%clk 0:03:02]} fxg6
{[%clk 0:27:01]} 58. Nc4 {[%clk 0:02:21]} Bh2 {[%clk 0:24:00]} 59. Rg2
{[%clk 0:02:09]} Rxh4 {[%clk 0:22:30]} 60. Rxg6 {[%clk 0:02:35]} Kc7
{[%clk 0:22:46]} 61. Rg7+ {[%clk 0:02:16]} Kb8 {[%clk 0:23:12]} 62. Rg8+
{[%clk 0:01:30]} Kc7 {[%clk 0:23:37]} 63. Rg7+ {[%clk 0:01:57]} Kb8
{[%clk 0:24:04]} 64. Bf1 {[%clk 0:01:48]} Rh6 {[%clk 0:23:40]} 65. Rg8+
{[%clk 0:02:12]} Kc7 {[%clk 0:24:06]} 66. Rg7+ {[%clk 0:02:39]} Kb8
{[%clk 0:24:33]} 67. Nb6 {[%clk 0:02:28]} Rh8 {[%clk 0:22:06]} 68. Nd7+
{[%clk 0:02:54]} Ka8 {[%clk 0:21:10]} 69. Bc4 {[%clk 0:03:17]} Rh4
{[%clk 0:19:54]} 70. Rg8+ {[%clk 0:01:15]} Ka7 {[%clk 0:20:20]} 71. Nb8
{[%clk 0:01:30]} Rh7 {[%clk 0:17:19]} 72. Nc6+ {[%clk 0:01:56]} Bxc6
{[%clk 0:17:41]} 73. dxc6 {[%clk 0:02:24]} Rc7 {[%clk 0:17:52]} 74. Bd5
{[%clk 0:02:39]} Be5 {[%clk 0:16:23]} 75. Rd8 {[%clk 0:02:16]} Bh2
{[%clk 0:13:39]} 76. Kg4 {[%clk 0:02:41]} Be5 {[%clk 0:14:04]} 77. Kf5
{[%clk 0:03:08]} Bh2 {[%clk 0:14:30]} 78. Ke6 {[%clk 0:03:26]} Bg3
{[%clk 0:14:54]} 79. Rxd6 {[%clk 0:03:44]} Bxd6 {[%clk 0:15:12]} 80. Kxd6
{[%clk 0:04:11]} Kb8 {[%clk 0:15:36]} 81. e5 {[%clk 0:03:55]} Kc8
{[%clk 0:15:55]} 82. Be6+ {[%clk 0:04:06]} 1-0

[Event "European Individual Chess Championship 2017"]
[Site "?"]
[Date "2017.06.07"]
[Round "8.58"]
[White "Swiercz, Dariusz"]
[Black "Dastan, Muhammed Batuhan"]
[Result "1-0"]
[BlackElo "2519"]
[WhiteElo "2649"]
[LiveChessVersion "1.4.8"]

1. c4 {[%clk 1:30:57]} c6 {[%clk 1:30:42]} 2. Nf3 {[%clk 1:30:35]} d5
{[%clk 1:31:07]} 3. Qb3 {[%clk 1:30:58]} Nf6 {[%clk 1:30:51]} 4. g3
{[%clk 1:31:14]} g6 {[%clk 1:22:23]} 5. Bg2 {[%clk 1:30:52]} Bg7 {[%clk 1:22:47]}
6. O-O {[%clk 1:31:15]} O-O {[%clk 1:23:07]} 7. d4 {[%clk 1:23:43]} dxc4
{[%clk 1:23:00]} 8. Qxc4 {[%clk 1:24:08]} Bf5 {[%clk 1:23:15]} 9. Nc3
{[%clk 1:22:29]} Nbd7 {[%clk 1:18:59]} 10. Re1 {[%clk 1:19:40]} Nb6
{[%clk 1:14:36]} 11. Qb3 {[%clk 1:19:46]} Ne4 {[%clk 1:14:22]} 12. Nh4
{[%clk 1:18:34]} Be6 {[%clk 1:12:23]} 13. Qc2 {[%clk 1:17:24]} Nxc3
{[%clk 1:05:19]} 14. bxc3 {[%clk 1:17:09]} Bc4 {[%clk 1:05:44]} 15. Nf3
{[%clk 1:02:34]} Rc8 {[%clk 1:04:52]} 16. Bh3 {[%clk 0:49:57]} e6
{[%clk 1:02:51]} 17. Ba3 {[%clk 0:49:16]} Re8 {[%clk 1:02:50]} 18. Nd2
{[%clk 0:48:19]} Bb5 {[%clk 0:59:04]} 19. Rab1 {[%clk 0:39:37]} Rb8
{[%clk 0:44:36]} 20. Bc5 {[%clk 0:34:21]} Nc4 {[%clk 0:30:17]} 21. Nxc4
{[%clk 0:26:57]} Bxc4 {[%clk 0:30:38]} 22. Bxa7 {[%clk 0:26:48]} Ra8
{[%clk 0:31:03]} 23. Rxb7 {[%clk 0:21:57]} Qc8 {[%clk 0:21:06]} 24. Rb4
{[%clk 0:21:34]} Rxa7 {[%clk 0:21:31]} 25. Rxc4 {[%clk 0:22:00]} Qa6
{[%clk 0:21:59]} 26. Qd3 {[%clk 0:22:01]} Rb8 {[%clk 0:21:12]} 27. Bg2
{[%clk 0:20:36]} Rb6 {[%clk 0:20:09]} 28. a4 {[%clk 0:20:05]} Bf8
{[%clk 0:18:00]} 29. Ra1 {[%clk 0:18:42]} Rc7 {[%clk 0:18:02]} 30. e3
{[%clk 0:11:26]} Qa5 {[%clk 0:17:03]} 31. h4 {[%clk 0:07:35]} Bd6
{[%clk 0:15:28]} 32. Bf3 {[%clk 0:07:12]} Kg7 {[%clk 0:14:39]} 33. Rb1
{[%clk 0:06:18]} Rxb1+ {[%clk 0:13:57]} 34. Qxb1 {[%clk 0:06:47]} c5
{[%clk 0:14:21]} 35. Qb5 {[%clk 0:00:35]} Qxb5 {[%clk 0:13:22]} 36. axb5
{[%clk 0:01:04]} cxd4 {[%clk 0:13:45]} 37. Rxc7 {[%clk 0:00:35]} Bxc7
{[%clk 0:14:10]} 38. cxd4 {[%clk 0:00:32]} Kf6 {[%clk 0:12:35]} 39. Kf1
{[%clk 0:00:46]} e5 {[%clk 0:12:47]} 40. dxe5+ {[%clk 0:30:55]} Kxe5
{[%clk 0:43:07]} 41. Ke2 {[%clk 0:31:17]} h6 {[%clk 0:36:19]} 42. Bc6
{[%clk 0:29:59]} f5 {[%clk 0:34:14]} 43. Be8 {[%clk 0:09:40]} g5 {[%clk 0:33:58]}
44. hxg5 {[%clk 0:10:04]} hxg5 {[%clk 0:34:23]} 45. f4+ {[%clk 0:10:32]} Kf6
{[%clk 0:32:28]} 46. fxg5+ {[%clk 0:10:01]} Kxg5 {[%clk 0:32:46]} 47. Kf3
{[%clk 0:10:27]} Kf6 {[%clk 0:30:47]} 48. Bc6 {[%clk 0:10:34]} Ke5
{[%clk 0:27:48]} 49. e4 {[%clk 0:10:49]} fxe4+ {[%clk 0:28:14]} 50. Bxe4
{[%clk 0:11:11]} Bb6 {[%clk 0:28:18]} 51. Bc6 {[%clk 0:11:25]} Bc7
{[%clk 0:27:54]} 52. Kg4 {[%clk 0:11:14]} Kf6 {[%clk 0:27:39]} 53. Kh4
{[%clk 0:11:05]} Bd8 {[%clk 0:27:26]} 54. Kh5 {[%clk 0:11:05]} 1-0

[Event "European Individual Chess Championship 2017"]
[Site "?"]
[Date "2017.06.07"]
[Round "8.59"]
[White "Esipenko, Andrey"]
[Black "Solak, Dragan"]
[Result "1-0"]
[BlackElo "2641"]
[WhiteElo "2509"]
[LiveChessVersion "1.4.8"]

1. d4 {[%clk 1:30:57]} d5 {[%clk 1:30:56]} 2. c4 {[%clk 1:31:21]} c6
{[%clk 1:31:24]} 3. Nf3 {[%clk 1:31:43]} Nf6 {[%clk 1:31:51]} 4. Nc3
{[%clk 1:32:05]} dxc4 {[%clk 1:32:16]} 5. a4 {[%clk 1:32:28]} Bf5
{[%clk 1:32:43]} 6. Nh4 {[%clk 1:32:51]} Bc8 {[%clk 1:29:35]} 7. Nf3
{[%clk 1:14:51]} Bf5 {[%clk 1:29:16]} 8. Nh4 {[%clk 1:14:47]} e6 {[%clk 1:26:49]}
9. Nxf5 {[%clk 1:14:54]} exf5 {[%clk 1:27:13]} 10. e3 {[%clk 1:15:22]} Bb4
{[%clk 1:27:28]} 11. Bxc4 {[%clk 1:15:47]} O-O {[%clk 1:27:44]} 12. O-O
{[%clk 1:16:13]} Nbd7 {[%clk 1:27:49]} 13. Qc2 {[%clk 1:16:37]} g6
{[%clk 1:28:13]} 14. f3 {[%clk 1:17:03]} Rc8 {[%clk 1:27:45]} 15. Kh1
{[%clk 1:17:26]} c5 {[%clk 1:27:05]} 16. Ba2 {[%clk 1:17:50]} Kg7
{[%clk 1:26:51]} 17. Qf2 {[%clk 1:12:24]} cxd4 {[%clk 1:03:59]} 18. exd4
{[%clk 1:12:25]} Nb6 {[%clk 1:03:50]} 19. d5 {[%clk 1:01:38]} Bc5
{[%clk 0:47:40]} 20. Qd2 {[%clk 0:57:19]} Ng8 {[%clk 0:47:39]} 21. a5
{[%clk 0:52:21]} Nd7 {[%clk 0:46:16]} 22. b4 {[%clk 0:52:22]} Bd6
{[%clk 0:35:03]} 23. Bb2 {[%clk 0:50:08]} a6 {[%clk 0:34:06]} 24. Ne4+
{[%clk 0:45:07]} Be5 {[%clk 0:34:10]} 25. Bxe5+ {[%clk 0:33:57]} Nxe5
{[%clk 0:34:35]} 26. Nc5 {[%clk 0:30:28]} Rb8 {[%clk 0:30:34]} 27. Rfe1
{[%clk 0:26:08]} Nd7 {[%clk 0:30:12]} 28. d6 {[%clk 0:25:15]} Nxc5
{[%clk 0:26:42]} 29. bxc5 {[%clk 0:25:20]} Qf6 {[%clk 0:19:23]} 30. Rab1
{[%clk 0:23:55]} Rfd8 {[%clk 0:19:21]} 31. Bd5 {[%clk 0:13:04]} Rd7
{[%clk 0:18:06]} 32. Qb4 {[%clk 0:13:09]} Qd8 {[%clk 0:16:20]} 33. Bc6
{[%clk 0:13:21]} 1-0

[Event "European Individual Chess Championship 2017"]
[Site "?"]
[Date "2017.06.07"]
[Round "8.60"]
[White "Oleksiyenko, Mykhaylo"]
[Black "Sviridov, Valery"]
[Result "0-1"]
[BlackElo "2504"]
[WhiteElo "2636"]
[LiveChessVersion "1.4.8"]

1. e4 {[%clk 1:30:58]} g6 {[%clk 1:30:35]} 2. d4 {[%clk 1:31:10]} Bg7
{[%clk 1:30:56]} 3. Nc3 {[%clk 1:31:29]} a6 {[%clk 1:31:11]} 4. Be3
{[%clk 1:30:58]} b5 {[%clk 1:31:19]} 5. Qd2 {[%clk 1:31:21]} Bb7 {[%clk 1:31:31]}
6. f3 {[%clk 1:31:46]} d6 {[%clk 1:31:34]} 7. h4 {[%clk 1:32:09]} h5
{[%clk 1:30:21]} 8. Nh3 {[%clk 1:32:36]} Nd7 {[%clk 1:30:36]} 9. O-O-O
{[%clk 1:30:58]} c5 {[%clk 1:27:59]} 10. dxc5 {[%clk 1:27:33]} Nxc5
{[%clk 1:25:30]} 11. Ng5 {[%clk 1:24:24]} Rc8 {[%clk 1:20:32]} 12. Bd4
{[%clk 1:13:59]} Nf6 {[%clk 1:19:07]} 13. Nd5 {[%clk 1:13:25]} Bxd5
{[%clk 1:12:18]} 14. exd5 {[%clk 1:13:52]} Qc7 {[%clk 1:12:06]} 15. Kb1
{[%clk 1:12:09]} Qb7 {[%clk 1:11:37]} 16. Qe1 {[%clk 1:03:45]} O-O
{[%clk 1:06:55]} 17. g4 {[%clk 1:02:45]} hxg4 {[%clk 0:54:56]} 18. Bg2
{[%clk 0:56:47]} g3 {[%clk 0:45:19]} 19. h5 {[%clk 0:48:01]} Nxh5
{[%clk 0:40:51]} 20. Rxh5 {[%clk 0:42:44]} gxh5 {[%clk 0:41:03]} 21. Bxg7
{[%clk 0:43:12]} Kxg7 {[%clk 0:41:22]} 22. Qxg3 {[%clk 0:43:37]} Rg8
{[%clk 0:38:52]} 23. Bh3 {[%clk 0:30:02]} f6 {[%clk 0:34:55]} 24. Ne6+
{[%clk 0:14:43]} Kf7 {[%clk 0:35:06]} 25. Qh2 {[%clk 0:14:50]} Rh8
{[%clk 0:30:08]} 26. Bf5 {[%clk 0:14:08]} Nxe6 {[%clk 0:20:53]} 27. dxe6+
{[%clk 0:05:42]} Kf8 {[%clk 0:21:04]} 28. Be4 {[%clk 0:06:09]} Qb6
{[%clk 0:19:33]} 29. Rg1 {[%clk 0:06:29]} Qe3 {[%clk 0:14:35]} 30. Qg2
{[%clk 0:04:34]} Qh6 {[%clk 0:14:34]} 31. Qf2 {[%clk 0:03:04]} h4
{[%clk 0:13:21]} 32. Qa7 {[%clk 0:03:17]} h3 {[%clk 0:11:04]} 33. Qb7
{[%clk 0:01:48]} Re8 {[%clk 0:11:19]} 34. f4 {[%clk 0:02:09]} h2 {[%clk 0:11:31]}
35. Rh1 {[%clk 0:01:43]} Qg7 {[%clk 0:11:37]} 36. a3 {[%clk 0:02:04]} Qg1+
{[%clk 0:07:21]} 37. Ka2 {[%clk 0:02:30]} Qg4 {[%clk 0:07:34]} 38. f5
{[%clk 0:01:22]} Rh4 {[%clk 0:07:37]} 39. Bd3 {[%clk 0:01:14]} Qf4
{[%clk 0:06:46]} 40. Qg2 {[%clk 0:30:49]} Qh6 {[%clk 0:36:25]} 41. b4
{[%clk 0:22:34]} Rd8 {[%clk 0:32:19]} 42. Kb3 {[%clk 0:21:44]} d5
{[%clk 0:31:16]} 43. Qf2 {[%clk 0:21:37]} Rc8 {[%clk 0:28:48]} 44. Qg2
{[%clk 0:21:55]} Qg5 {[%clk 0:25:10]} 45. Qf2 {[%clk 0:21:37]} Rh3
{[%clk 0:17:48]} 46. Kb2 {[%clk 0:16:31]} Qh4 {[%clk 0:17:45]} 47. Qg2
{[%clk 0:16:52]} Qh5 {[%clk 0:17:07]} 48. Qxd5 {[%clk 0:15:37]} Qg4
{[%clk 0:16:27]} 49. Qd7 {[%clk 0:13:19]} Re8 {[%clk 0:16:26]} 50. Qd5
{[%clk 0:13:41]} Qg1 {[%clk 0:14:27]} 51. Bf1 {[%clk 0:07:07]} Rg3
{[%clk 0:11:16]} 52. Bd3 {[%clk 0:06:05]} Qf2 {[%clk 0:10:53]} 53. Be4
{[%clk 0:05:22]} Rg1 {[%clk 0:10:04]} 54. Qd3 {[%clk 0:05:23]} Qe1
{[%clk 0:09:42]} 55. Qh3 {[%clk 0:04:23]} Qb1+ {[%clk 0:07:46]} 56. Kc3
{[%clk 0:04:50]} Rc8+ {[%clk 0:08:10]} 57. Kd4 {[%clk 0:04:19]} Qb2+
{[%clk 0:07:45]} 58. Ke3 {[%clk 0:04:25]} Qc1+ {[%clk 0:05:55]} 59. Kf3
{[%clk 0:04:42]} Qd1+ {[%clk 0:04:38]} 60. Ke3 {[%clk 0:04:18]} Qe1+
{[%clk 0:04:06]} 61. Kf3 {[%clk 0:04:28]} Rg3+ {[%clk 0:03:25]} 0-1

[Event "European Individual Chess Championship 2017"]
[Site "?"]
[Date "2017.06.07"]
[Round "8.61"]
[White "Plat, Vojtech"]
[Black "Bluebaum, Matthias"]
[Result "0-1"]
[BlackElo "2632"]
[WhiteElo "2522"]
[LiveChessVersion "1.4.8"]

1. e4 {[%clk 1:30:54]} e6 {[%clk 1:30:50]} 2. d4 {[%clk 1:31:19]} d5
{[%clk 1:31:16]} 3. Nd2 {[%clk 1:31:42]} c5 {[%clk 1:31:38]} 4. exd5
{[%clk 1:32:06]} Qxd5 {[%clk 1:32:02]} 5. Ngf3 {[%clk 1:32:29]} cxd4
{[%clk 1:32:23]} 6. Bc4 {[%clk 1:32:55]} Qd7 {[%clk 1:32:28]} 7. O-O
{[%clk 1:33:07]} Nc6 {[%clk 1:32:43]} 8. Nb3 {[%clk 1:33:29]} a6 {[%clk 1:33:01]}
9. Nbxd4 {[%clk 1:32:45]} Nxd4 {[%clk 1:33:21]} 10. Nxd4 {[%clk 1:33:10]} Qc7
{[%clk 1:33:25]} 11. Qe2 {[%clk 1:22:57]} Bd6 {[%clk 1:32:31]} 12. Nf5
{[%clk 1:09:48]} Bxh2+ {[%clk 1:32:28]} 13. Kh1 {[%clk 1:10:16]} Be5
{[%clk 1:32:52]} 14. Re1 {[%clk 1:10:41]} g6 {[%clk 1:32:59]} 15. Qxe5
{[%clk 1:07:50]} Qxe5 {[%clk 1:33:22]} 16. Rxe5 {[%clk 1:08:17]} gxf5
{[%clk 1:33:46]} 17. Bd2 {[%clk 1:08:17]} Ne7 {[%clk 1:24:28]} 18. Bc3
{[%clk 1:06:43]} Rg8 {[%clk 1:20:56]} 19. Re3 {[%clk 0:55:07]} b5
{[%clk 1:07:41]} 20. Bf1 {[%clk 0:55:30]} Nd5 {[%clk 1:06:52]} 21. Rh3
{[%clk 0:55:55]} Nxc3 {[%clk 1:03:09]} 22. Rxc3 {[%clk 0:50:45]} Bd7
{[%clk 1:00:56]} 23. Rd1 {[%clk 0:49:18]} Ra7 {[%clk 0:56:33]} 24. Be2
{[%clk 0:35:58]} Ke7 {[%clk 0:55:40]} 25. Rd4 {[%clk 0:35:12]} e5
{[%clk 0:38:10]} 26. Re3 {[%clk 0:28:07]} Kf6 {[%clk 0:31:23]} 27. Rd6+
{[%clk 0:26:04]} Be6 {[%clk 0:31:38]} 28. Ra3 {[%clk 0:24:31]} Rga8
{[%clk 0:26:09]} 29. c4 {[%clk 0:23:24]} bxc4 {[%clk 0:21:16]} 30. Bxc4
{[%clk 0:23:38]} a5 {[%clk 0:21:34]} 31. Rh3 {[%clk 0:20:39]} Ke7
{[%clk 0:16:50]} 32. Rc6 {[%clk 0:21:01]} Kd7 {[%clk 0:11:35]} 33. Bb5
{[%clk 0:20:12]} Ke7 {[%clk 0:07:53]} 34. Bc4 {[%clk 0:20:19]} Kd7
{[%clk 0:05:51]} 35. Bb5 {[%clk 0:20:40]} a4 {[%clk 0:02:31]} 36. Rxh7
{[%clk 0:17:51]} Ra5 {[%clk 0:02:21]} 37. Rb6+ {[%clk 0:17:28]} Ke7
{[%clk 0:02:47]} 38. Rh6 {[%clk 0:13:24]} Bxa2 {[%clk 0:02:03]} 39. Rb7+
{[%clk 0:03:07]} Kf8 {[%clk 0:02:29]} 40. Bd7 {[%clk 0:30:55]} Kg7
{[%clk 0:30:52]} 41. Rh5 {[%clk 0:25:48]} f4 {[%clk 0:27:18]} 42. Rg5+
{[%clk 0:23:36]} Kf8 {[%clk 0:22:41]} 43. Bc6 {[%clk 0:18:29]} Rd8
{[%clk 0:18:39]} 44. Bf3 {[%clk 0:13:46]} Be6 {[%clk 0:12:52]} 45. Bh5
{[%clk 0:10:33]} Rad5 {[%clk 0:10:46]} 46. Bf3 {[%clk 0:07:52]} e4
{[%clk 0:09:59]} 0-1